Central Library OPAC University of Rajshahi

আধুনিক কাব্য-সংগ্রহ / (Record no. 55180)

MARC details
000 -LEADER
fixed length control field 00839nam a22002297a 4500
001 - CONTROL NUMBER
control field 55180
003 - CONTROL NUMBER IDENTIFIER
rucl marc code BD-RjUL
005 - DATE AND TIME OF LATEST TRANSACTION
control field 20211209080228.0
008 - FIXED-LENGTH DATA ELEMENTS--GENERAL INFORMATION
fixed length control field 161114s1963 ii ||||| |||| 00| 0 ben d
020 ## - INTERNATIONAL STANDARD BOOK NUMBER
Terms of availability : IRs 3.00
035 ## - SYSTEM CONTROL NUMBER
System control number (BD-RjUL)55302
040 ## - CATALOGING SOURCE
Original cataloging agency BD-RjUL
Language of cataloging ben
Transcribing agency BD-RjUL
041 ## - LANGUAGE CODE
Language code of text/sound track or separate title ben
082 ## - DEWEY DECIMAL CLASSIFICATION NUMBER
Edition number 23
Classification number 891.44108
Author mark and year AHA 1963
100 ## - MAIN ENTRY--PERSONAL NAME
Personal name আহসান, সৈয়দ আলী
9 (RLIN) 164424
245 10 - TITLE STATEMENT
Title আধুনিক কাব্য-সংগ্রহ /
Statement of responsibility, etc. সৈয়দ আলী আহসান
260 ## - PUBLICATION, DISTRIBUTION, ETC. (IMPRINT)
Place of publication, distribution, etc. ঢাকা :
Name of publisher, distributor, etc. বাংলা একাডেমী,
Date of publication, distribution, etc. ১৯৬৩ [১৩৭০]
300 ## - PHYSICAL DESCRIPTION
Pagination ২৪০ পৃ. ;
Size ২১ সেম, .
650 ## - SUBJECT ADDED ENTRY--TOPICAL TERM
Topical term or geographic name as entry element বাংলা কবিতা
General subdivision সংগ্রহ
9 (RLIN) 126131
Topical term or geographic name as entry element Bengali Poetry
General subdivision Collections
9 (RLIN) 137130
942 ## - ADDED ENTRY ELEMENTS (KOHA)
Source of classification or shelving scheme Dewey Decimal Classification
Koha item type Books
Holdings
Lost status Source of classification or shelving scheme Damaged status Not for loan Collection code Permanent Location Current Location Shelving location Date acquired Source of acquisition Cost, normal purchase price Total Checkouts Full call number Date last seen Copy number Koha item type
  Dewey Decimal Classification     Non-fiction Central Library, University of Rajshahi Central Library, University of Rajshahi   15/12/1966 N/A 3.00   B 891.44108 AHA 1963 14/11/2016 C-2 Books